| 000 | 00645nam a2200157Ia 4500 | ||
|---|---|---|---|
| 008 | 100122s9999 xx 000 0 und d | ||
| 082 |
_b60594 _a923.254 |
||
| 100 | _aनारायण जयप्रकाश | ||
| 245 | _aमहान् लोकनेता जयप्रकाश नारायण | ||
| 260 |
_bसाधना प्रकाशन _c2001 |
||
| 300 | _a161 | ||
| 630 | _aमहान् लोकनेता जयप्रकाश नारायण | ||
| 700 | _aप्रधान ग प्र | ||
| 730 | _aमहान् लोकनेता जयप्रकाश नारायण | ||
| 942 | _cBOOK | ||
| 999 |
_c435742 _d435739 |
||